Регионална библиотека "Любен Каравелов" - Русе

Общуване без агресия (Запис номер 381916)

MARC детайли
000 -Лидер
Контролно поле с фиксирана дължина 02433nam a2200481 a 4500
003 - Код на организацията, давaща контролен номер
Контролно поле BLK
005 - Дата и час на последна редакция
Контролно поле 20250519174044.0
008 - Елементи от данни с фиксирана дължина
fixed length control field 202008b bul|||||r ||||||| ||bul||
020 ## - Международен стандартен номер на книга ISBN
Международен стандартен номер на книга ISBN 9789547714120
040 ## - Източник на каталожния запис
Идентификатор на билиотеката - собственик на записа BLK
041 ## - Код за език
Код за езика на текст/звукозапис или на отделно заглавие Български
Код за езика КДБФ Български
072 #7 - Код за тематичната категория
Код организация bullib
Код за тематична категория Н31
Текст Социология Н
080 ## - УДК
Текстов определител УДК Социално взаимодействие и общуване в групите (интеракция и комуникация)
УДК код - определител по УДК 316.454.5
УДК определител (035)
УДК - код + определител 316.454.5(035)
080 ## - УДК
Текстов определител УДК Отбягване. Неприятелство. Агресия. Насилие
УДК код - определител по УДК 316.647.3
УДК определител (035)
УДК - код + определител 316.647.3(035)
080 ## - УДК
Текстов определител УДК Емоции, чувства, преживявания. Емпатия
УДК код - определител по УДК 159.942
УДК определител (035)
УДК - код + определител 159.942(035)
100 1# - Редна дума - Автор
Автор Розенберг, Маршал Б.
Авторска отговорност първи автор
R(LIN) 313265
139 ## - Редно поле
Редна дума Розенберг, Маршал Б.
Авторски знак Розе - Р 78
245 10 - Сведения за заглавието
Заглавие Общуване без агресия
Подзаглавни данни Наръчник по ненасилствена комуникация
Редно поле (дума) Маршал Б. Розенберг; прев. Естер Гомбаш; предисл. от Арун Ганди; * Естер Снежана Гомбаш; * Рут Бебърмайер.
250 ## - Област на изданието
Сведения за изданието 2. прераб. и доп. изд.
257 ## - Страна на издаване
Страна на създаване/издаване Съединени американски щати
260 ## - Област на издателските данни
Място на издаване, разпространение и проч. София
Име на издателя, разпространителя и проч. Кръгозор
Година на издаване 2019
Печатница София : Експреспринт
300 ## - Физическа характеристика
Страници 238 с.
Размери/Мащаб 21 см
380 ## - Жанр
Жанр Обществени науки
500 ## - Общи забележки
Забележка Прев. от Nonviolent Communication: A Language of Life / Marshall B. Rosenberg. - Съдържа и за авт.
650 #4 - Допълнително описание по предмет – тема
Основно описание – тема или топоним Комуникация - наръчници и ръководства
9 (RLIN) 313269
650 #4 - Допълнително описание по предмет – тема
Основно описание – тема или топоним Агресия - наръчници и ръководства
9 (RLIN) 313270
650 #4 - Допълнително описание по предмет – тема
Основно описание – тема или топоним Чувства - наръчници и ръководства
9 (RLIN) 313271
653 ## - Ключова дума – ненормативна
Ключова дума общуване
653 ## - Ключова дума – ненормативна
Ключова дума комуникация
653 ## - Ключова дума – ненормативна
Ключова дума чувства
653 ## - Ключова дума – ненормативна
Ключова дума агресия
653 ## - Ключова дума – ненормативна
Ключова дума наръчници
653 ## - Ключова дума – ненормативна
Ключова дума ръководства
659 ## - Тематичен бюлетин
Тематичен бюлетин Н
700 1# - Други автори (авторска отговорност)
Лично име Гомбаш, Естер
Автороска отговорност (Описва отношението между автора и произведението) прев.
9 (RLIN) 313266
700 1# - Други автори (авторска отговорност)
Лично име Ганди, Арун
Автороска отговорност (Описва отношението между автора и произведението) предисл. от
9 (RLIN) 313267
700 1# - Други автори (авторска отговорност)
Лично име Гомбаш, Естер Снежана
Автороска отговорност (Описва отношението между автора и произведението) *
9 (RLIN) 313268
700 1# - Други автори (авторска отговорност)
Лично име Бебърмайер, Рут
Автороска отговорност (Описва отношението между автора и произведението) *
9 (RLIN) 37351
856 4# - Електронен адрес и достъп
Електронен формат pdf - файл
Инструкция (цена за достъп) 0.00
Права за достъп disable
856 4# - Електронен адрес и достъп
Електронен формат pdf - файл
Инструкция (цена за достъп) 0.00
Права за достъп disable
999 ## - СИСТЕМНИ КОНТРОЛНИ НОМЕРА
Koha biblionumber 381916
Koha biblioitemnumber 381916
942 ## - АРТИКУЛИ
Вид на библиотечния материал Книги
Скрит в OPAC Не
Koha issues (borrowed), all copies 18
Периодичен библиозапис Да
944 ## - СЪЗДАВАНЕ И РЕДАКЦИЯ на ЗАПИСА
Създаване/Редакция Създаване
Дата на регистрацията/редакция 2020-08-13
Статус, дата на статуса Христина Везирева
Служител, извършил регистрацията/редакцията 30535
Наличности
Код за отписване Код за изгубен артикул Източник на класификационната схема Код за повреда Коз за рестрикции Код за отдаване Артикулен № Име на библиотеката - собственик Име на библиотеката, в която се намира в момента Статус (Текущо местоположение) Дата на вписване в системата Местоположение - отдел Цена в лева Систематично азбучна сигнатура Баркод Цена в евро Служебен тип на артикула
  Не е изгубен Universal Decimal Classification Не е повреден без рестрикции заемане за дома 799497 Регионална библиотека "Любен Каравелов" Русе Регионална библиотека "Любен Каравелов" Русе Заемна - подръчен фонд 2020-09-17 Заемна - подръчен фонд 11.20 316.4/Р 78 М 120000846900 5.73 Книги
  Не е изгубен Universal Decimal Classification Не е повреден без рестрикции заемане за дома 915232 Регионална библиотека "Любен Каравелов" Русе Регионална библиотека "Любен Каравелов" Русе Заемна - подръчен фонд 2022-12-05 Заемна - подръчен фонд 8.01 316.6/Р 78 М 120000878930 4.10 Книги
Vip Innovations Ltd, Rousse, Bulgaria 2025